00362nam a2200121Ia 4500008004100000082001600041100000800057245009900065250000800164260001900172300000900191650004000200150201s2005 xx 000 0 und d a610.6bH05W aWHO aHEALTH SERVICE PLANNING AND POLICY MAKING MODULE 4, POLICY MAKING MODULE 4, POLICY DEVELOPMENT a1ST bWHOaUBSc2005 a1-25 aOTHER CLINICAL & NON CLINICAL BOOKS